000 00899nam a2200181Ia 4500
008 100920s9999 xx 000 0 und d
082 _b60485
_a61 थ 84
100 _aअनु. अरोडा राम./पार्थसारथी आर
245 _aआधुनिक भारत के निर्माता एस. सत्यमूर्ति.
260 _bसूचना और प्रसारण मन्त्रालय, भारत सरकार.
_c1984
300 _a210
_bसाधी
365 _b17
520 _aस्थानिक वाचन.
630 _aआधुनिक भारत के निर्माता एस. सत्यमूर्ति.
650 _aस्थानिक वाचन.
730 _aआधुनिक भारत के निर्माता एस. सत्यमूर्ति.
942 _cBOOK
999 _c703741
_d703738